000 00718aas a2200217 4500
999 _c49868
_d49868
001 768714001
003 CO-MdFUSB
005 20171019104457.0
008 171019s1999 xxu||||| |||| 00| 0 eng d
022 _a0277-9935
040 _aCO-MdFUSB
_bspa
_cCO-MdFUSB
_dCO-MdFUSB
041 _aeng
100 1 _aWard, Ted
_eautor
242 _aLa educación teológica y la iglesia
245 1 0 _aTheological education and the church
_c/ Ted Ward, Linda Cannell
300 _aVolumen 3. Número 1(1999), páginas 9-27
_c: 23 cm.
546 _aTexto en inglés
700 1 _aCannell, Linda
_eautor
773 0 _tChristian education journal
_049475
_960885
_gVolumen 3. Número 1(1999), páginas 9-27
_qPágina 9
942 _cANA